|
|
|
|
| LEADER |
01954nam a2200457 i 4500 |
| 001 |
EBC1741761 |
| 003 |
MiAaPQ |
| 005 |
20200520144314.0 |
| 006 |
m o d | |
| 007 |
cr cnu|||||||| |
| 008 |
140718t20142014enka ob 001 0 eng d |
| 020 |
|
|
|z 9781907643958
|
| 020 |
|
|
|a 9781783530588
|q (electronic bk.)
|
| 020 |
|
|
|a 9781783530892
|q (electronic bk.)
|
| 035 |
|
|
|a (MiAaPQ)EBC1741761
|
| 035 |
|
|
|a (Au-PeEL)EBL1741761
|
| 035 |
|
|
|a (CaPaEBR)ebr10890743
|
| 035 |
|
|
|a (OCoLC)881839008
|
| 040 |
|
|
|a MiAaPQ
|b eng
|e rda
|e pn
|c MiAaPQ
|d MiAaPQ
|
| 050 |
|
4 |
|a HD30.255
|b .W47 2014
|
| 082 |
0 |
|
|a 658.408
|2 23
|
| 100 |
1 |
|
|a West, Jason,
|e author.
|
| 245 |
1 |
4 |
|a The long hedge :
|b preserving organisational value through climate change adaptation /
|c Jason West.
|
| 264 |
|
1 |
|a Sheffield, England :
|b Greenleaf Publishing,
|c 2014.
|
| 264 |
|
4 |
|c 2014
|
| 300 |
|
|
|a 1 online resource (344 pages) :
|b illustrations.
|
| 336 |
|
|
|a text
|2 rdacontent
|
| 337 |
|
|
|a computer
|2 rdamedia
|
| 338 |
|
|
|a online resource
|2 rdacarrier
|
| 490 |
1 |
|
|a Responsible Investment
|
| 504 |
|
|
|a Includes bibliographical references and index.
|
| 588 |
|
|
|a Description based on print version record.
|
| 590 |
|
|
|a Electronic reproduction. Ann Arbor, MI : ProQuest, 2015. Available via World Wide Web. Access may be limited to ProQuest affiliated libraries.
|
| 650 |
|
0 |
|a Business enterprises
|x Environmental aspects.
|
| 650 |
|
0 |
|a Climatic changes
|x Economic aspects.
|
| 650 |
|
0 |
|a Climate change mitigation.
|
| 655 |
|
4 |
|a Electronic books.
|
| 776 |
0 |
8 |
|i Print version:
|a West, Jason.
|t Long hedge : preserving organisational value through climate change adaptation.
|d Sheffield, England : Greenleaf Publishing, c2014
|h 335 pages
|k Responsible investment series.
|z 9781907643958
|w 2013427579
|
| 797 |
2 |
|
|a ProQuest (Firm)
|
| 830 |
|
0 |
|a Responsible investment series.
|
| 856 |
4 |
0 |
|u https://ebookcentral.proquest.com/lib/matrademy/detail.action?docID=1741761
|z Click to View
|